มุมมองปกติ
มุมมองแบบ MARC
- สงครามเวียดนาม, ค.ศ. 1961-1975
รายการ Topical Term
001 - CONTROL NUMBER
- control field: 21410
003 - CONTROL NUMBER IDENTIFIER
- control field: NALT
005 - DATE AND TIME OF LATEST TRANSACTION
- control field: 20180314161617.0
008 - FIXED-LENGTH DATA ELEMENTS
- fixed length control field: 171123|| aca||babn | a|a d
040 ## - CATALOGING SOURCE
- Original cataloging agency: NALT
150 ## - HEADING--TOPICAL TERM
- Topical term or geographic name entry element: สงครามเวียดนาม, ค.ศ. 1961-1975
